[Event "Guwahati op 3rd"]
[Site "Guwahati"]
[Date "2019.10.08"]
[Round "3"]
[White "Cheniram, Pegu"]
[Black "Vasquez Schroder, Rodrigo Rafael"]
[Result "0-1"]
[WhiteElo "1738"]
[BlackElo "2465"]
[PlyCount "122"]
[EventDate "2019.10.07"]
[EventType "swiss"]
[EventRounds "10"]
[EventCountry "IND"]
[SourceTitle "CBM 192 Extra"]
[Source "Chessbase"]
[SourceDate "2019.11.06"]
[SourceVersion "1"]
[SourceVersionDate "2019.11.06"]
[SourceQuality "1"]

1. e4 c5 2. Nf3 d6 3. d4 cxd4 4. Nxd4 Nf6 5. Nc3 a6 6. Be3 e5 7. Nf3 Qc7 8. Be2 Be7 9. 0-0 0-0 10. Qd3 b5 11. Nd5 Nxd5 12. exd5 f5 13. Qb3 f4 14. Bd2 Nd7 15. c4 Nc5 16. Qd1 bxc4 17. Bxc4 Bg4 18. Be2 a5 19. Bc3 Qb7 20. Re1 Bf5 21. Bc4 Bf6 22. a4 Rfc8 23. Bb5 Bd7 24. Bxd7 Nxd7 25. Nd2 Be7 26. Qb3 Qxb3 27. Nxb3 Nf6 28. Red1 Bd8 29. f3 Kf7 30. Kf1 g5 31. Rd3 h5 32. Nd2 Rc5 33. b4 Rxd5 34. Ke2 Ke6 35. Ne4 Rxd3 36. Kxd3 Nd5 37. bxa5 Nxc3 38. Nxc3 Bxa5 39. Ne4 Bd8 40. h3 Ra5 41. Nd2 d5 42. Nb3 Ra7 43. a5 Kd6 44. Kc3 e4 45. Kb4 Bf6 46. Rd1 e3 47. Kb5 Rb7+ 48. Ka4 Bc3 49. Nc1 Rb1 50. a6 e2 51. Nxe2 Rxd1 52. Nxc3 Ra1+ 53. Kb5 Ra3 54. Na4 Kc7 55. a7 Kb7 56. a8Q+ Kxa8 57. Nb6+ Kb7 58. Nxd5 Ra2 59. h4 Rxg2 60. hxg5 Rxg5 61. Kc4 Rxd5 0-1

[Event "Udaipur Lakecity op 3rd"]
[Site "Udaipur"]
[Date "2019.03.30"]
[Round "6"]
[White "Cheniram, Pegu"]
[Black "Shubham, 1111"]
[Result "0-1"]
[WhiteElo "1698"]
[BlackElo "1880"]
[PlyCount "70"]
[EventDate "2019.03.28"]
[EventType "swiss"]
[EventRounds "8"]
[EventCountry "IND"]
[SourceTitle "CBM 189 Extra"]
[Source "ChessBase"]
[SourceDate "2019.06.03"]
[SourceVersion "1"]
[SourceVersionDate "2019.06.03"]
[SourceQuality "1"]

1. d4 d6 2. Nf3 Nd7 3. g3 Ngf6 4. Bg2 g6 5. c4 c6 6. Nc3 Bg7 7. 0-0 0-0 8. e4 Qc7 9. Re1 e5 10. d5 cxd5 11. cxd5 Nc5 12. b4 Ncd7 13. Qb3 a5 14. Be3 axb4 15. Nb5 Qa5 16. Nxd6 b5 17. Rec1 Ng4 18. Bh3 Nxe3 19. Qxe3 Nb6 20. Bf1 Ba6 21. Nd2 Na4 22. Nb3 Qd8 23. Rc6 f5 24. Bxb5 Bxb5 25. Nxb5 Qd7 26. Nc7 f4 27. Qe1 Ra7 28. Ne6 Rb8 29. Nbc5 Nxc5 30. Rxc5 Bf8 31. Nxf8 Kxf8 32. Qc1 Qh3 33. Rc2 b3 34. axb3 f3 35. Qf1 Rxa1 0-1